| 000 | 00521nam a2200217Ia 4500 | ||
|---|---|---|---|
| 999 |
_c666 _d666 |
||
| 003 | 0100 | ||
| 008 | 130227s9999 xx 000 0 und d | ||
| 020 | _a9966081984 | ||
| 040 | _cARRUPELIB | ||
| 050 | _aGV672.K45K673 2006 | ||
| 100 |
_aAchola, Hesbon Otieno _938676 |
||
| 245 |
_aKoch life: _bcommunity sports in the slum / |
||
| 260 |
_aNairobi _bPaulines Publications Africa _c2006 |
||
| 300 | _a92p | ||
| 300 | _b 21cm | ||
| 650 |
_aSports _xKorogocho _zKenya - _938677 |
||
| 650 |
_aKorogocho (Kenya) _xSocial conditions _938678 |
||
| 942 |
_2lcc _cMONOGRAPH |
||